Kamakhaya: A Social-Cultural Study/ (Record no. 155089)

MARC details
000 -LEADER
fixed length control field 00541nam a22001817a 4500
003 - CONTROL NUMBER IDENTIFIER
control field dpl
005 - DATE AND TIME OF LATEST TRANSACTION
control field 20180807105142.0
008 - FIXED-LENGTH DATA ELEMENTS--GENERAL INFORMATION
fixed length control field 180729b xxu||||| |||| 00| 0 eng d
020 ## - INTERNATIONAL STANDARD BOOK NUMBER
International Standard Book Number 8124602514
Terms of availability 950.0
035 ## - SYSTEM CONTROL NUMBER
System control number B-160689, B-160689
040 ## - CATALOGING SOURCE
Original cataloging agency DPL
Language of cataloging EN
Transcribing agency 0
082 ## - DEWEY DECIMAL CLASSIFICATION NUMBER
Classification number 230.8
100 ## - MAIN ENTRY--PERSONAL NAME
Personal name Mishra, Nihar Ranjan
245 ## - TITLE STATEMENT
Title Kamakhaya: A Social-Cultural Study/
Statement of responsibility, etc by Nihar Ranjan Mishra
260 ## - PUBLICATION, DISTRIBUTION, ETC. (IMPRINT)
Place of publication, distribution, etc New Delhi
Name of publisher, distributor, etc DK Publication pvt ltd
Date of publication, distribution, etc 2004
300 ## - PHYSICAL DESCRIPTION
Extent xv,220p:
Other physical details ill;
Dimensions 22cm(hbk)
942 ## - ADDED ENTRY ELEMENTS (KOHA)
Source of classification or shelving scheme Dewey Decimal Classification
Koha item type English Books
Classification part 230.8
Call number suffix MIS
Holdings
Withdrawn status Lost status Source of classification or shelving scheme Damaged status Not for loan Collection code Home library Current library Date acquired Source of acquisition Cost, normal purchase price Total Checkouts Full call number Barcode Date last seen Cost, replacement price Price effective from Koha item type
    Dewey Decimal Classification     Non-fiction Patel Nagar Patel Nagar 07/08/2018 BPPD/PUB 950.00   230.8 MIS B-160689 07/08/2018 950.00 07/08/2018 English Books

© Delhi Public Library
Hit Counter
free hit counter